Food insecurity When people live with hunger and fear starvation

Wedi'i Gadw mewn:
Manylion Llyfryddiaeth
Prif Awdur: Food insecurity
Fformat: Llyfr
Iaith:Undetermined
Cyhoeddwyd: Rome, Italy FAO 2001
Pynciau:
Tagiau: Ychwanegu Tag
Dim Tagiau, Byddwch y cyntaf i dagio'r cofnod hwn!
Thư viện lưu trữ: Trung tâm Học liệu Trường Đại học Cần Thơ
LEADER 00492nam a2200181Ia 4500
001 CTU_47973
008 210402s9999 xx 000 0 und d
082 |a 363.192 
082 |b F686 
100 |a Food insecurity 
245 0 |a Food insecurity 
245 0 |b When people live with hunger and fear starvation 
260 |a Rome, Italy 
260 |b FAO 
260 |c 2001 
650 |a food supply,food 
650 |x quality control 
980 |a Trung tâm Học liệu Trường Đại học Cần Thơ